Business organisation and management / (Record no. 67495)

MARC details
000 -LEADER
fixed length control field 00810nam a22002297a 4500
005 - DATE AND TIME OF LATEST TRANSACTION
control field 20120604152910.0
008 - FIXED-LENGTH DATA ELEMENTS--GENERAL INFORMATION
fixed length control field 120604t xxu||||| |||| 00| 0 eng d
010 ## - LCCN (DPL NO)
LC control number ENG-105424
020 ## - INTERNATIONAL STANDARD BOOK NUMBER
International Standard Book Number 9789381335086
Terms of availability 275.00
035 ## - SYSTEM CONTROL NUMBER
System control number EN-88957
037 ## - SOURCE OF ACQUISITION
Source of stock number/acquisition DBAD/PUB
040 ## - CATALOGING SOURCE
Original cataloging agency DPL
Language of cataloging Eng
082 ## - DEWEY DECIMAL CLASSIFICATION NUMBER
Classification number 658
100 ## - MAIN ENTRY--PERSONAL NAME
Personal name Maheshwari, Rajendra P.
9 (RLIN) 48416
245 ## - TITLE STATEMENT
Title Business organisation and management /
Statement of responsibility, etc by Rajendra P. Maheshwari [and] J.P. Mahajan
260 ## - PUBLICATION, DISTRIBUTION, ETC. (IMPRINT)
Place of publication, distribution, etc New Delhi
Name of publisher, distributor, etc International Book House
Date of publication, distribution, etc 2011
270 ## - ADDRESS
Address 2/42, Ansari Road, Darya Ganj
City New Delhi
Postal code 110002
300 ## - PHYSICAL DESCRIPTION
Extent 405p.
Dimensions 24cm(pbk)
700 ## - ADDED ENTRY--PERSONAL NAME
Personal name Mahajan, J.P.
9 (RLIN) 48427
942 ## - ADDED ENTRY ELEMENTS (KOHA)
Source of classification or shelving scheme Dewey Decimal Classification
Item type English Books
Classification part 658
Call number suffix MAH
Holdings
Withdrawn status Lost status Source of classification or shelving scheme Damaged status Not for loan Collection code Home library Current library Date acquired Source of acquisition Cost, normal purchase price Total Checkouts Full call number Barcode Date last seen Copy number Cost, replacement price Koha item type
    Dewey Decimal Classification   Not For Loan Non-fiction D.B.Act.Division D.B.Act.Division 04/06/2012 DBAD/PUB 275.00   658 MAH EN-88957 04/06/2012 1 275.00 English Books

© Delhi Public Library
Hit Counter
free hit counter